Observatories in earth orbit and beyond (Record no. 10348)

MARC details
000 -LEADER
fixed length control field 00926nam a2200229Ia 4500
003 - CONTROL NUMBER IDENTIFIER
control field IN-BaIIA
008 - FIXED-LENGTH DATA ELEMENTS--GENERAL INFORMATION
fixed length control field 211028s9999 xx 000 0 eng d
020 ## - INTERNATIONAL STANDARD BOOK NUMBER
International Standard Book Number 0-7923-1133-7
040 ## - CATALOGING SOURCE
Transcribing agency IIA Library
080 ## - UNIVERSAL DECIMAL CLASSIFICATION NUMBER
Universal Decimal Classification number 52(082.1)
Item number ASS-166
111 ## - MAIN ENTRY--MEETING NAME
Meeting name or jurisdiction name as entry element Colloquium of the International Astronomical Union
Location of meeting USA
Date of meeting or treaty signing 1990 Apr. 24-27
9 (RLIN) 17583
245 #0 - TITLE STATEMENT
Title Observatories in earth orbit and beyond
Remainder of title proceedings of the 123rd colloquium of the International Astronomical Union held in Greenbelt, Maryland, USA, April 24-27,1990
Statement of responsibility, etc. edited by Y. Kondo
260 ## - PUBLICATION, DISTRIBUTION, ETC.
Place of publication, distribution, etc. Dordrecht
Name of publisher, distributor, etc. Kluwer Academic
Date of publication, distribution, etc. 1990
300 ## - PHYSICAL DESCRIPTION
Extent xii, 572p.
490 ## - SERIES STATEMENT
Series statement Astrophysics and Space Science Library; v. 166
650 ## - SUBJECT ADDED ENTRY--TOPICAL TERM
Topical term or geographic name entry element Astronomy and Astrophysics Thesaurus
650 ## - SUBJECT ADDED ENTRY--TOPICAL TERM
Topical term or geographic name entry element Earth orbit
9 (RLIN) 6092
650 ## - SUBJECT ADDED ENTRY--TOPICAL TERM
Topical term or geographic name entry element Observatories
700 ## - ADDED ENTRY--PERSONAL NAME
Personal name Kondo, Y., ed.
9 (RLIN) 13834
710 ## - ADDED ENTRY--CORPORATE NAME
Corporate name or jurisdiction name as entry element International Astronomical Union
942 ## - ADDED ENTRY ELEMENTS (KOHA)
Koha item type Books
Holdings
Withdrawn status Lost status Damaged status Not for loan Home library Current library Shelving location Date acquired Total Checkouts Full call number Barcode Date last seen Price effective from Koha item type
        IIA Library-Bangalore IIA Library-Bangalore General Stacks 24/04/1992   52(082.1)/ ASS-166 11258 05/11/2021 24/04/1992 Books

Powered by Koha